000
00411nam a2200145Ia 4500
008
090124s9999 xx 000 0 und d
082
_b
300145
245
_a
कालिका मुर्ति
250
_a
5
260
_b
दातार गो. ना.
_c
1969
300
_a
564
630
_a
कालिका मुर्ति
730
_a
कालिका मुर्ति
942
_c
BOOK
999
_c
189701
_d
189701